000 004340000a22001690004500
003 MACL
005 20150704151921.0
008 150704b xxu||||| |||| 00| 0 eng d
040 _aMACL
_cMACL
041 _aEnglish
100 _aSteele, Arthur
_9629
245 _aThe Hindu Castes Their Law Religion And Customs
260 _bMittal Publication
_c1986
_aNew Delhi
350 _a300
650 _aSociology
_919
942 _cBK
_k300
_2ddc
999 _c5513
_d5513